000 00443nmm a2200169Ia 4500
008 251105s9999||||xx |||||||||||||||||und||
020 _a8495839806
041 _aspa
100 _aAristarain, Adolfo
245 0 _aMartín (Hache)
264 _a[Madrid, España] :
_bOcho y Medio,
_c2004
300 _a384 páginas
490 _aEspiral
650 _aFilm studies
856 _uhttps://public.digitaliapublishing.com/a/2576
942 _cCF
999 _c73994
_d73994